000
00221nam a22000857a 4500
008
170113b xxu||||| |||| 00| 0 eng d
100
_9
2399
_a
Goel.A.etal.
245
_a
Together with Science-X
260
_a
New Delhi
_b
Rachna
_c
2008
999
_c
5415
_d
5415